000 00303nam a2200133Ia 4500
100 _aLawrence/J.T.
942 _cBK
654 _aArchitecture & application
245 _aAS/400 Architecture & application
260 _bShroff Pub.
_aBombay
_c1993
300 _a300
546 _aENGLISH
999 _c32296
_d32296